000 00470nam a2200181Ia 4500
001 16465
005 20260306170311.0
008 260306t2012||||xx |||||||||||||| ||und||
041 _aESP
082 _a348.6
_bI52
100 _aInfantes Cárdenas, Gisela Margot
_eAUT
245 0 _aManual de obligaciones del empleador de beneficios del trabajador
260 _c2012
300 _a405 páginas :
_c
650 _aGEN
654 _aCDE
942 _cLIB
_dJUS
_fJUS
_2ddc
_n
999 _c16465
_d16465